00410 a2200157 4500003000400000005001700004008004100021020001800062040000900080082001500089100001700104245006000121250001200181260004900193300001000242OSt20240119104313.0240119b |||||||| |||| 00| 0 eng d a9788182710898 coclc a920bHAL/M aHaley, Alex  aMalcolm X= The Autobiography of Malcolm X /cAlex Haley a4th ed. aKozhikode:bIslamic Publishing House,c2021. a680p.